000
00342nam a22001457a 4500
008
210302b ||||| |||| 00| 0 eng d
020
_a
9780521479806
041
_a
eng
080
_a
574
082
_a
574
100
_a
9
101
_a
MJE
245
_a
Land Mosaics The ecology of landscapes and regions
_c
Forman, R.T.T
942
_2
udc
_c
BK
999
_c
55445
_d
55445